[Event "Navarra-ch"]
[Site "Pamplona"]
[Date "2014.05.31"]
[Round "8"]
[White "Martinez Zazo, Jesus"]
[Black "Ochoa Aldaz, Mikel"]
[Result "0-1"]
[WhiteElo "1768"]
[BlackElo "1614"]
[PlyCount "66"]
[EventDate "2014.03.29"]
[EventType "swiss"]
[EventRounds "8"]
[EventCountry "ESP"]
[SourceTitle "EXT 2016"]
[Source "ChessBase"]
[SourceDate "2015.10.08"]
[SourceVersion "1"]
[SourceVersionDate "2015.10.08"]
[SourceQuality "1"]

1. e4 d5 2. exd5 Nf6 3. c4 e6 4. dxe6 Bxe6 5. d4 Bb4+ 6. Nc3 Qe7 7. Be3 0-0 8. Be2 Nbd7 9. Nf3 Ne4 10. Qc2 f5 11. 0-0 Bxc3 12. bxc3 Ndf6 13. Ne5 Nd7 14. Nxd7 Bxd7 15. Bf3 Rae8 16. Bf4 Bc8 17. Be5 Nd6 18. Qb3 Ne4 19. Rad1 Be6 20. Rd3 Bf7 21. Bxe4 fxe4 22. Rg3 g6 23. Re1 c5 24. Rxe4 cxd4 25. cxd4 Rc8 26. Rc3 b5 27. Qxb5 Rb8 28. Bxb8 Qxe4 29. h3 Qe1+ 30. Kh2 Qxc3 31. d5 Rc8 32. Bxa7 Qxc4 33. Qd7 Qc7+ 0-1

[Event "Euskadi-chT (Vasca) Div Honor"]
[Site "Bergara"]
[Date "2014.01.25"]
[Round "3.5"]
[White "Ochoa Aldaz, Mikel"]
[Black "Aguera Naredo, Javier"]
[Result "0-1"]
[WhiteElo "1607"]
[BlackElo "2365"]
[PlyCount "48"]
[EventDate "2014.01.11"]
[EventType "team-tourn"]
[EventRounds "9"]
[EventCountry "ESP"]
[SourceTitle "EXT 2024"]
[Source "ChessBase"]
[SourceDate "2023.10.10"]
[SourceVersion "1"]
[SourceVersionDate "2023.10.10"]
[SourceQuality "1"]

1. e4 c5 2. Nf3 d6 3. Nc3 Nc6 4. d4 cxd4 5. Nxd4 Nf6 6. h3 e6 7. Bc4 Be7 8. Be3 a6 9. a3 Qc7 10. Ba2 Ne5 11. 0-0 Nc4 12. Bxc4 Qxc4 13. Qe2 Qc7 14. f4 b5 15. Qf3 Bb7 16. Nde2 0-0 17. Ng3 Nxe4 18. Ngxe4 f5 19. Qg3 fxe4 20. Kh1 Bf6 21. Bd2 d5 22. Rae1 Rae8 23. Qg4 e3 24. Bc1 d4 0-1

[Event "Huarte Puente Foral op 8th"]
[Site "Huarte"]
[Date "2013.12.03"]
[Round "1"]
[White "Ochoa Aldaz, Mikel"]
[Black "Prieto Aranguren, Alain"]
[Result "0-1"]
[WhiteElo "1609"]
[BlackElo "2182"]
[PlyCount "70"]
[EventDate "2013.12.03"]
[EventType "swiss"]
[EventRounds "7"]
[EventCountry "ESP"]
[SourceTitle "EXT 2016"]
[Source "ChessBase"]
[SourceDate "2015.10.08"]
[SourceVersion "1"]
[SourceVersionDate "2015.10.08"]
[SourceQuality "1"]

1. e4 c6 2. Nc3 d5 3. Nf3 Bg4 4. h3 Bh5 5. exd5 cxd5 6. Bb5+ Nc6 7. g4 Bg6 8. Ne5 Rc8 9. d4 e6 10. h4 f6 11. Nxg6 hxg6 12. Qd3 Kf7 13. Bxc6 Rxc6 14. Bf4 g5 15. Bg3 gxh4 16. Rxh4 Rxh4 17. Bxh4 Bb4 18. Bg3 Qa5 19. Kd2 Ne7 20. a3 Nc8 21. Rb1 Bxc3+ 22. bxc3 Nb6 23. Rb3 Nc4+ 24. Kd1 Qa6 25. Bf4 b6 26. Qh7 Nxa3 27. Rxa3 Qxa3 28. Bh6 Qf8 29. Kd2 Qg8 30. Qxg8+ Kxg8 31. Bf4 Kf7 32. Kc1 Rxc3 33. Kb2 Rf3 34. Be3 Rxe3 35. fxe3 f5 0-1

[Event "Huarte Puente Foral op 7th"]
[Site "Huarte"]
[Date "2012.12.05"]
[Round "2"]
[White "Ochoa Aldaz, Mikel"]
[Black "Cerro Larraza, Juan Andres"]
[Result "0-1"]
[WhiteElo "1535"]
[BlackElo "1743"]
[PlyCount "88"]
[EventDate "2012.12.04"]
[EventType "swiss"]
[EventRounds "7"]
[EventCountry "ESP"]
[SourceTitle "EXT 2016"]
[Source "ChessBase"]
[SourceDate "2015.10.08"]
[SourceVersion "1"]
[SourceVersionDate "2015.10.08"]
[SourceQuality "1"]

1. e4 g6 2. d4 Bg7 3. c4 d6 4. Nf3 Nc6 5. Be3 e5 6. Qd2 Nf6 7. Bg5 Nxe4 8. Bxd8 Nxd2 9. Nbxd2 Nxd8 10. dxe5 dxe5 11. Bd3 0-0 12. 0-0 Bg4 13. Rfe1 f6 14. h3 Bxf3 15. Nxf3 Nf7 16. g4 Rad8 17. Bc2 Rd7 18. Rad1 Rfd8 19. Rxd7 Rxd7 20. Re2 Bh6 21. Kg2 Bf4 22. Ne1 Rd4 23. b3 Nd8 24. f3 Ne6 25. Kf2 Rd6 26. Be4 c6 27. Ng2 Kg7 28. Rb2 Ng5 29. Nxf4 exf4 30. h4 Nxe4+ 31. fxe4 h6 32. Re2 g5 33. h5 Kf7 34. Rc2 Ke6 35. Ke2 Ke5 36. Kf2 Rd4 37. Re2 Rxe4 38. Rd2 Rd4 39. Re2+ Kd6 40. Kf3 Rd3+ 41. Ke4 Re3+ 42. Rxe3 fxe3 43. Kxe3 Ke5 44. Kf3 f5 0-1